[Event "SVK-ch U10"]
[Site "Liptovsky Mikulas"]
[Date "2017.04.24"]
[Round "4"]
[White "Vozar, Adam"]
[Black "Tomka, Samuel"]
[Result "1-0"]
[WhiteElo "1000"]
[BlackElo "1035"]
[PlyCount "49"]
[EventDate "2017.04.22"]
[EventType "swiss"]
[EventRounds "9"]
[EventCountry "SVK"]
[SourceTitle "CBM 178 Extra"]
[Source "ChessBase"]
[SourceDate "2017.06.22"]
[SourceVersion "1"]
[SourceVersionDate "2017.06.22"]
[SourceQuality "1"]

1. e4 e5 2. Nf3 Nc6 3. Nc3 Nf6 4. Bb5 Bb4 5. d3 Bxc3+ 6. bxc3 d6 7. Bg5 Bg4 8. d4 h6 9. Be3 Nxe4 10. Qd3 Bf5 11. Qc4 d5 12. Bxc6+ bxc6 13. Qxc6+ Bd7 14. Qxd5 Nxc3 15. Qxe5+ Be6 16. d5 Nxd5 17. Qxg7 Kd7 18. Ne5+ Ke7 19. Nc6+ Kd7 20. Nxd8 Kxd8 21. Qxh8+ Kd7 22. Qxa8 Nb6 23. Bxb6 axb6 24. Rd1+ Ke7 25. Qd8# 1-0